| 000 | 00857nam a22001697a 4500 | ||
|---|---|---|---|
| 003 | OSt | ||
| 005 | 20260319070802.0 | ||
| 008 | 260319b |||||||| |||| 00| 0 eng d | ||
| 040 |
_aDWCL GS Library _cOC |
||
| 082 | _aPB 782.4 V422 2020 | ||
| 100 | _aVegara, Maria isabel sanchez | ||
| 245 |
_alittle people, big dreams _cMaria isabel sanchez Vegara _b: elton john |
||
| 260 |
_aSpain _bAlba editorial _cc2020 |
||
| 300 |
_a16 _bcolored illustrations _c25cm |
||
| 520 | _aThis Little People, Big Dreams book tells the life story of Elton John, from his childhood playing the piano in London to his rise as a musical superstar. It highlights his partnership with Bernie Taupin, his unique style, and his journey toward finding personal happiness and supporting LGBTQ rights. | ||
| 942 |
_2ddc _cFIC. _hPB 782.4 V422 2020 _n0 |
||
| 999 |
_c9264 _d9264 |
||